000 00255nam a2200109Ia 4500
100 _aNoyes J.L.
942 _cBK
654 _aartificial
245 _aArtificial intelligence with Common List
260 _bGalgotia
_aNew Delhi
_c1993
546 _aENGLISH
999 _c25961
_d25961